Německo-český a česko-německý pedagogický slovník

Na minha lista:
Detalhes bibliográficos
Main Authors: Kejvanová, Antonie (Author), Lužná, Eva (Author)
Formato: Livro
Idioma:alemão
tcheco
Publicado em: Praha : České vysoké učení technické v Praze, 1984
Tags: Adicionar Tag
Sem tags, seja o primeiro a adicionar uma tag!

MARC

LEADER 00000nam a22000003a 4500
001 stu88886
005 20150617225627.2
008 040715s1984----cs------------------ger-d
040 |a STU  |b slo 
041 0 |a ger  |a cze 
044 |a cs 
080 |a 801.323.2=112.2=162.3 
080 |a 37 
100 1 |a Kejvanová, Antonie  |4 aut 
245 1 |a Německo-český a česko-německý pedagogický slovník 
260 |a Praha :  |b České vysoké učení technické v Praze,  |c 1984 
300 |a 128 s 
700 1 |a Lužná, Eva  |4 aut 
996 |b 284V029384  |c V*25589/S-87  |l VVT  |s A  |a 24  |w stu88886_0001